<?xml version="1.0" encoding="UTF-8"?>
<collection xmlns="http://www.loc.gov/MARC21/slim">
 <record>
  <leader>01845nam a2200265 a 4500</leader>
  <controlfield tag="001">1/48539</controlfield>
  <controlfield tag="008">190327s2009    gr af         00010 gre  </controlfield>
  <datafield tag="020" ind1=" " ind2=" ">
   <subfield code="a">9789609823616</subfield>
  </datafield>
  <datafield tag="035" ind1=" " ind2=" ">
   <subfield code="l">51536</subfield>
  </datafield>
  <datafield tag="040" ind1=" " ind2=" ">
   <subfield code="a">GR-PeUP</subfield>
  </datafield>
  <datafield tag="082" ind1="0" ind2="0">
   <subfield code="a">362.7 ΟΙΚ</subfield>
  </datafield>
  <datafield tag="245" ind1="0" ind2="0">
   <subfield code="a">Η οικογένεια και το σχολείο :</subfield>
   <subfield code="b">η σημερινή τους δυναμική και οι μελλοντικές προοπτικές ως πρόκληση για την κοινωνική εργασία /</subfield>
   <subfield code="c">επιστημονική επιμέλεια Μαρία Δημοπούλου-Λαγωνίκα, Γιώτα Κατσίκη, Μπαϊτζάρ Μαρντικιάν-Γαζεριάν.</subfield>
  </datafield>
  <datafield tag="260" ind1="0" ind2=" ">
   <subfield code="a">Αθήνα :</subfield>
   <subfield code="b">Συμβούλιο Επιμόρφωσης στην Κοινωνική Εργασία (Σ.Ε.Κ.Ε.): Appleprint:,</subfield>
   <subfield code="c">2009.</subfield>
  </datafield>
  <datafield tag="300" ind1=" " ind2=" ">
   <subfield code="a">494 σ. :</subfield>
   <subfield code="b">πιν., σχεδ. ;</subfield>
   <subfield code="c">24 εκ.</subfield>
  </datafield>
  <datafield tag="500" ind1=" " ind2=" ">
   <subfield code="a">Συμβούλιο Επιμορφώσεως στη Κοινωνική Εργασία, Eπιμορφωτικό σεμινάριο [που πραγματοποιήθηκε στην] Αθήνα στις 2, 3 και 4 Νοεμβρίου 2007.</subfield>
  </datafield>
  <datafield tag="504" ind1=" " ind2=" ">
   <subfield code="a">Βιβλιογραφία: σ. 492-494.</subfield>
  </datafield>
  <datafield tag="650" ind1=" " ind2="4">
   <subfield code="a">Κοινωνιολογία της εκπαίδευσης.</subfield>
  </datafield>
  <datafield tag="650" ind1=" " ind2="4">
   <subfield code="a">Εκπαίδευση και κοινωνία.</subfield>
  </datafield>
  <datafield tag="650" ind1=" " ind2="4">
   <subfield code="a">Education and Society.</subfield>
  </datafield>
  <datafield tag="650" ind1=" " ind2="4">
   <subfield code="a">Educational sociology.</subfield>
  </datafield>
  <datafield tag="700" ind1="1" ind2=" ">
   <subfield code="a">Δημοπούλου - Λαγωνίκα, Μαρία.</subfield>
  </datafield>
  <datafield tag="700" ind1="1" ind2=" ">
   <subfield code="a">Κατσίκη, Γιώτα.</subfield>
  </datafield>
  <datafield tag="700" ind1="1" ind2=" ">
   <subfield code="a">Μαρντικιάν - Γαζεριάν, Μπαϊτζάρ.</subfield>
  </datafield>
  <datafield tag="710" ind1="1" ind2=" ">
   <subfield code="a">Συμβούλιο Επιμόρφωσης στην Κοινωνική Εργασία.</subfield>
  </datafield>
  <datafield tag="852" ind1=" " ind2=" ">
   <subfield code="a">INST</subfield>
   <subfield code="b">UNIPILB</subfield>
   <subfield code="c">MAIN</subfield>
   <subfield code="e">20190327</subfield>
   <subfield code="h">362.7 ΟΙΚ</subfield>
   <subfield code="p">00176553</subfield>
   <subfield code="q">00176553</subfield>
   <subfield code="t">LOAN</subfield>
   <subfield code="y">0</subfield>
   <subfield code="4">1</subfield>
  </datafield>
 </record>
</collection>
